000 00259nam a2200121Ia 4500
008 190216s9999||||xx |||||||||||||| ||und||
100 _aNull
245 0 _aHindi-Kahani Nigumj
260 _bSahithya Accadamy
300 _a96
650 _aHindi
942 _cBK
999 _c15825
_d15825